| 000 | 00000nam##2200000za#4500 |
| 001 | 9.601560 |
| 003 | CaOODSP |
| 005 | 20230511091645 |
| 007 | cr ||||||||||| |
| 008 | 150406|2008||||xxc|||||o f|0| 0 fre|d |
| 040 | |aCaOODSP|bfre |
| 043 | |an-cn--- |
| 086 | 1 |aYC26-0/392-6F-PDF |
| 110 | 1 |aCanada. |bParlement. |bSénat. |bComité sénatorial permanent de l'énergie, de l'environnement et des ressources naturelles. |
| 245 | 10|aLoi canadienne sur la protection de l'environnement (1999, chap.33) : |h[ressource électronique]|bRx: Renforcez et appliquez avec soin / |cL'honorable Tommy Banks, président; L'honorable Pierre Claude Nolin, vice-président. |
| 246 | 3 |aSixième rapport du Comité sénatorial permanent de l’énergie, de l’environnement et des ressources naturelles |
| 260 | |aOttawa - Ontario : |bSénat. |cMars 2008. |
| 300 | |a66p.|bréférences |
| 490 | 1 |aRapport du Comité sénatorial permanent de l'énergie, de l'environnement et des ressources naturelles|v[39e législature, 2e session, 6e rapport] |
| 590 | |a11-12-Supp|b2011-07-29 |
| 775 | 08|tThe Canadian Environmental Protection Act (1999, c.33) : |w(CaOODSP)9.570916 |
| 830 | #0|aRapport du Comité sénatorial permanent de l'énergie, de l'environnement et des ressources naturelles ;|v[39e législature, 2e session, 6e rapport]|w(CaOODSP)9.502804 |
| 856 | 40|ahttp://publications.gc.ca|qPDF|s310 Ko|uhttps://publications.gc.ca/collections/collection_2011/sen/yc26-0/YC26-0-392-6-fra.pdf|y[39e législature, 2e session, 6e rapport] |